Rady k modlitbě : pohled křesťanského Východu /

Hlavní autor: Mattá, al-Miskīn, 1919-2006
Jazyk: Čeština
Vydáno: Kostelní Vydří : Karmelitánské nakladatelství, 2014
Edice: Spiritualita do kapsy
Témata:
Fyzický popis: 75 s. ; 17 cm
Knihy
Uloženo v:
LEADER 02126nam a2200589 a 4500
001 nkc20142539012
003 CZ PrNK
005 20190620110300.0
007 ta
008 140109s2014 xr e f 000 0 cze
015 |a cnb002539012 
020 |a 978-80-7195-696-9  |q (brož.) 
035 |a (OCoLC)879564349 
040 |a ABA001  |b cze 
041 1 |a cze  |h ita 
072 7 |a 27-5  |x Liturgie. Křesťanské umění a symbolika. Duchovní život  |2 Konspekt  |9 5 
080 |a 27-534.3  |2 MRF 
080 |a 27-583  |2 MRF 
080 |a 27-584.5  |2 MRF 
080 |a 27-184  |2 MRF 
080 |a 27-585  |2 MRF 
080 |a 271-58  |2 MRF 
080 |a 27-9(=412)  |2 MRF 
080 |a (035)  |2 MRF 
100 0 |a Mattá,  |c al-Miskīn,  |d 1919-2006  |7 xx0165283  |4 aut 
245 1 0 |a Rady k modlitbě :  |b pohled křesťanského Východu /  |c Matta el-Meskin ; [z italské předlohy ... přeložil David Vopřada] 
260 |a Kostelní Vydří :  |b Karmelitánské nakladatelství,  |c 2014 
300 |a 75 s. ;  |c 17 cm 
490 1 |a Spiritualita do kapsy ;  |v sv. 2 
650 0 7 |a křesťanská modlitba  |7 ph122103  |2 czenas 
650 0 7 |a kontemplativní modlitba  |7 ph121816  |2 czenas 
650 0 7 |a duchovní cesta  |7 ph119626  |2 czenas 
650 0 7 |a Bůh a člověk  |7 ph116953  |2 czenas 
650 0 7 |a askeze  |7 ph138494  |2 czenas 
650 0 7 |a východní křesťanská spiritualita  |7 ph116694  |2 czenas 
650 0 7 |a koptské křesťanství  |7 ph802339  |2 czenas 
650 0 9 |a Christian prayer  |2 eczenas 
650 0 9 |a contemplative prayer  |2 eczenas 
650 0 9 |a spiritual path  |2 eczenas 
650 0 9 |a relations between God and man  |2 eczenas 
650 0 9 |a asceticism  |2 eczenas 
650 0 9 |a Eastern Christian spirituality  |2 eczenas 
650 0 9 |a Coptic Christianity  |2 eczenas 
655 7 |a příručky  |7 fd133209  |2 czenas 
655 9 |a handbooks and manuals  |2 eczenas 
765 0 |t Consigli per la preghiera  |9 Česky 
830 0 |a Spiritualita do kapsy  |0 s 
910 2 |a BOA001  |b 1-1323.298 
990 |a BK 
995 |a 01 
991 |b 201403  |c NOV  |e n 
996 6 |b 2610585301  |c 1-1323.298  |l MZK  |r Sklad / do 1 hodiny  |n 3  |p p.v.  |w 001409044  |u 000010  |a 1  |e BOA001  |j MZK50  |s P